Survey on diarrhea of piglets at sok khim farm at ratanak mondol district, battambong province; ការអង្កេតពីជំងឺរាកលើកូនជ្រូកអំឡុងពេលបំបៅក្នុងកសិដ្ឋាន​ សុខ ឃីម នៅស្រុករតនមណ្ឌល ខេត្តបាត់ដំបង (Record no. 10868)

000 -LEADER
fixed length control field 00687nam a22001337a 4500
040 ## - CATALOGING SOURCE
Transcribing agency RUA
082 ## - DEWEY DECIMAL CLASSIFICATION NUMBER
Classification number VEM MOK 2015 B533 Or.1
100 ## - MAIN ENTRY--AUTHOR NAME
Personal name MOK SOKPANHA; ម៉ុក សុខបញ្ញា
245 ## - TITLE STATEMENT
Title Survey on diarrhea of piglets at sok khim farm at ratanak mondol district, battambong province; ការអង្កេតពីជំងឺរាកលើកូនជ្រូកអំឡុងពេលបំបៅក្នុងកសិដ្ឋាន​ សុខ ឃីម នៅស្រុករតនមណ្ឌល ខេត្តបាត់ដំបង
260 ## - PUBLICATION, DISTRIBUTION, ETC. (IMPRINT)
Place of publication PHNOM PENH
Name of publisher MOK
Year of publication 2015
300 ## - PHYSICAL DESCRIPTION
Number of Pages ix;40p.
Other physical details ill.
Dimensions 29cm.
856 ## - ELECTRONIC LOCATION AND ACCESS
Uniform Resource Identifier MOK SOKPANHA
942 ## - ADDED ENTRY ELEMENTS (KOHA)
Koha item type VEM
952 ## - LOCATION AND ITEM INFORMATION (KOHA)
Withdrawn status [LOCAL, KOHA] 0
952 ## - LOCATION AND ITEM INFORMATION (KOHA)
Withdrawn status [LOCAL, KOHA] 0
952 ## - LOCATION AND ITEM INFORMATION (KOHA)
Withdrawn status [LOCAL, KOHA] 0
952 ## - LOCATION AND ITEM INFORMATION (KOHA)
Withdrawn status [LOCAL, KOHA] 0
952 ## - LOCATION AND ITEM INFORMATION (KOHA)
Withdrawn status [LOCAL, KOHA] 0
952 ## - LOCATION AND ITEM INFORMATION (KOHA)
Withdrawn status [LOCAL, KOHA] 0
952 ## - LOCATION AND ITEM INFORMATION (KOHA)
Withdrawn status [LOCAL, KOHA] 0
952 ## - LOCATION AND ITEM INFORMATION (KOHA)
Withdrawn status [LOCAL, KOHA] 0
Holdings
Permanent Location Date acquired Koha item type Lost status Shelving location Barcode Current Location Full call number
Library Block B2016-11-23VEM B533A03340Library Block BVEM MOK 2015 B533 Or.1
Library Block B2016-11-23VEM B533A04128Library Block BVEM MOK 2015 B533 Or.2
Library Block B2016-11-23VEM B533A04098Library Block BVEM MOK 2015 B533 Or.3
Library Block B2016-11-23VEM B533A04269Library Block BVEM MOK 2015 B533 Or.4
Library Block B2016-11-23VEM B533A04265Library Block BVEM MOK 2015 B533 Or.5
Library Block B2016-11-23VEM B533A03548Library Block BVEM MOK 2015 B533 Or.6
Library Block B2016-11-23VEM B533A01095Library Block BVEM MOK 2015 B533 Or.7
Library Block B2016-11-23VEM B533A04448Library Block BVEM MOK 2015 B533 Or.8
មជ្ឈមណ្ឌលឯការនៃសាកលវិទ្យាល័យភូមិន្ទកសិកម្មចំការដូង

Powered by Koha